Guess the Sabrina Carpenter song #4 - Statistics

General Stats
  • This quiz has been taken 338 times
  • The average score is 175 of 320
Answer Stats
% Correct
I
97%
a
91%
You
90%
you,
90%
you
90%
you)
90%
the
83%
The
83%
to
81%
To
81%
an
76%
do
75%
your
74%
it
73%
No,
71%
no
71%
Don't
69%
don't
69%
(don't
69%
and
68%
(and
68%
And
68%
love
67%
My
66%
my
66%
like,
65%
like
65%
Like
65%
have
64%
have)
64%
in,
64%
on
63%
That
62%
that
62%
We
62%
I'm
59%
it's
59%
It's
59%
know
59%
they
59%
for
58%
(for
58%
For
58%
girl
58%
just
57%
but
53%
can
53%
If
53%
lie
53%
All
52%
all
52%
(all
52%
girls
49%
Girls
49%
say
48%
of
47%
was
45%
her
44%
can't
43%
had
43%
they'll
42%
good
41%
I've
41%
make
41%
mom
41%
swear
41%
themselves
41%
will
41%
ever
40%
cry,
39%
cry
39%
look
39%
first
38%
Yeah,
38%
their
37%
better,
36%
better
36%
than
36%
friends)
35%
month
35%
you've
35%
need
34%
never
34%
best
33%
drink
33%
mother
33%
they're
33%
even
32%
try,
32%
anyone
31%
day
31%
die
31%
happened
31%
once
31%
shit
31%
truth
31%
else?
30%
pretend
30%
stupid,
30%
There's
30%
butterflies
29%
chance
29%
clever
29%
excuses
29%
forever
29%
give
29%
mistake
29%
read
29%
seen
29%
show
29%
sisters)
29%
'til
29%
lot
28%
stand
28%
ugly
28%
guy
27%
into
27%
arrest
26%
bend
26%
cardiac
26%
chances
26%
looks
26%
whole
26%
damn
25%
getting
25%
incident
25%
Isn't
25%
turn
25%
club
24%
finger
24%
isolated
24%
something
24%
Against
23%
cold,
23%
goddamn
23%
hard
23%
lift
23%
lose
23%
minds
23%
strip
23%
incorrect
22%
lucky
22%
outside
22%
cards
21%
facts
21%
ideal,
20%
tarot
20%
No matching quizzes found
Score Distribution
Percent of People with Each Score
Percentile by Number Answered
Your Score History
You have not taken this quiz